Gaming Quiz

Random Gaming or Toys Quiz

Just Be Close: Gaming Edition Quiz Stats

 Plays Quiz Updated Sep 22, 2019

Score 0/20 Timer 05:00
3 Plays Today
Clue Close? % Correct
Faces on an icosahedron die, used in
Dungeons and Dragons
???
80.3%
Total number of squares on
a standard chessboard
???
78.7%
Number of rooms in a standard edition of Clue(do)???
78.2%
Checkers on both sides of the checkerboard
at the beginning of a game
???
71.1%
Total screens (levels) in the original
Donkey Kong arcade
???
66.6%
Number of circles on a standard
Twister game mat
???
65.8%
Points earned for playing the word 'quacky' in Scrabble (assuming no scoring bonuses)???
64.1%
Points earned for rolling a Yahtzee
in the game Yahtzee
???
61.9%
Toys enshrined in the National Toy Hall of Fame, in its inaugural year???
59.4%
Number of property deeds (including railroads and utilities) in Monopoly???
58.2%
Clue Close? % Correct
Number in the name of the Nintendo console introduced in 1996???
50%
Tiles in a standard set of
(double six) Dominoes
???
49.6%
Number of holes on a
Connect Four game
???
49.6%
Number of unique cubes in a standard
3x3 Rubik's Cube
???
49.1%
Number of playable fighters in the
original Super Smash Bros.
???
38.2%
Number of different stages in
the original Super Mario Bros.
???
35.8%
Terrain hexes (tiles) in basic set of
(Settlers of) Catan
???
26.1%
Number of territories in the strategy
board game Risk
???
25.9%
Number of Legendary Pokémon in first eight generations???
13.4%
Number of all games released in the
Castlevania series (US)
???
12.3%

You're not logged in!

Compare scores with friends on all Sporcle quizzes.
OR
Log In

Sporcle TV

Today on Sporcle TV


Watch our educational content, quiz creation guides, and fun videos on Sporcle TV.

Show Comments

Extras

Top Quizzes Today


Score Distribution

Your Account Isn't Verified!

In order to create a playlist on Sporcle, you need to verify the email address you used during registration. Go to your Sporcle Settings to finish the process.

Report this User

Report this user for behavior that violates our Community Guidelines.

Details: